[Event "Linares 26th"]
[Site "Linares"]
[Date "2009.02.26"]
[Round "7"]
[White "Dominguez Perez, Leinier"]
[Black "Wang, Yue"]
[Result "1/2-1/2"]
[WhiteElo "2717"]
[BlackElo "2739"]
[Annotator "Kritz,L"]
[PlyCount "113"]
[EventDate "2009.02.19"]
[EventType "tourn"]
[EventRounds "14"]
[EventCountry "ESP"]
[EventCategory "21"]
[SourceTitle "CBM 129"]
[Source "ChessBase"]
[SourceDate "2009.03.25"]
[SourceVersion "1"]
[SourceVersionDate "2009.03.25"]
[SourceQuality "1"]

1. e4 e5 2. Nf3 Nf6 {Die Russische Partie ist das größte Problem für die 1.
e4-Spieler.} 3. Nxe5 d6 4. Nf3 Nxe4 5. Nc3 {Ich verstehe nicht, wieso man
immer wieder diese Variante spielt, wobei es relativ klar ist, dass da nichts
drin ist...} Nxc3 6. dxc3 Be7 7. Be3 (7. Bf4 {ist eine Alternative, die im
Grunde genommen zu nichts Anderem führt.} Nc6 $1 {Für Schwarz ist der Plan mit
der langen Rochade der sicherste, um einen Ausgleich zu erzielen.} 8. Qd2 Be6
9. O-O-O Qd7 10. Kb1 (10. h4 h6 11. g3 Bf6 12. Bg2 O-O-O 13. Kb1 Rhe8 14. Rhe1
Bg4 15. Qd5 Rxe1 16. Rxe1 Re8 $11 {Efimenko - Zhou Jianchao (Al Ain, 2008)})
10... O-O-O $1 {Ich denke, nach allen Experimenten mit 10....a6, die sofortige
Rochade ist der beste Zug. Weiß kann mittels Bb5 nichts rausholen, d.h.
Schwarz braucht keine Zeit zu verlieren.} 11. Bb5 (11. Ng5 Bxg5 12. Bxg5 f6 $11
{Efimenko - Sakaev (Kallithea, 2008)}) 11... a6 12. Ba4 (12. Bxc6 Qxc6 13. Nd4
$6 Qxg2 14. Rhg1 Qd5 15. Nxe6 Qxd2 16. Bxd2 fxe6 17. Rxg7 Bf6 $15) 12... Bf6
13. Bg5 (13. Nd4 Bd5 $11) 13... Bxg5 14. Qxg5 b5 15. Bb3 f6 16. Bxe6 Qxe6 17.
Qf4 (17. Qxg7 Rdg8 18. Qh6 Rxg2 19. Rhe1 Qf5 $11) 17... h5 18. h3 g5 $11 {
Ivanchuk - Kramnik (Moscow, 2008)}) 7... Nc6 8. Qd2 Be6 9. O-O-O Qd7 {Das
verläuft hier eigentlich genauso wie in der Variante 7.Bf4.} 10. h4 (10. Ng5
Bxg5 11. Bxg5 f6 12. Be3 O-O-O $11) (10. Bb5 a6 11. Ba4 O-O 12. Rhe1 b5 13. Bb3
{Karjakin - Kritz (Gothenburg, 2005)} Na5 $1 14. Bxe6 fxe6 15. b3 Nc6 $11) (10.
Kb1 O-O-O 11. Bb5 a6 12. Ba4 Bf6 13. Bd4 Bxd4 14. cxd4 Bd5 $11 {Belov -
Belozerov (Tomsk, 2006)}) 10... h6 11. Nd4 {Typischerweise vereinfacht sich
das Spiel nach dem Springertausch, so dass Remis zu 99% das Ergebnis ist.} (11.
Bb5 a6 12. Ba4 b5 $5 13. Bb3 Bf6 14. Bd5 Rb8 15. Kb1 Bxd5 16. Qxd5 Ne7 17. Qd3
Qf5 $11 {Zawadzka - Socko (Karpacz, 2008)}) 11... Nxd4 12. Bxd4 (12. cxd4 d5
$11) 12... Rg8 13. c4 (13. Bd3 c5 14. Be3 O-O-O $11 {Demnächst spielt Schwarz
d5.}) 13... O-O-O (13... c5 $6 {In dieser Stellung waere das ein wenig zu
optimistisch - die weißen Läufer werden viel bessere Positionen einnehmen.} 14.
Bc3 O-O-O 15. g3 $1 $14) 14. Qc3 (14. Bxa7 $5 {ist ein interessanter, aber
sehr riskanter Versuch.} b6 15. c5 $1 Kb7 (15... dxc5 $4 16. Ba6# {Hübsch...})
16. cxb6 cxb6 17. Bxb6 Kxb6 18. Qb4+ Kc7 (18... Ka7 19. Rd3 Qb7 20. Qa5+ Kb8
21. Rhh3 Bxh3 22. Rxh3 $1 $16) 19. Bb5 (19. Qa5+ Kb8 20. Rd3 Qa7 21. Qb5+ Qb7
$17 {Schwarz gewann ein Tempo im Vergleich zu 18....Ka7}) 19... Qc8 20. Rd3 Qb7
(20... Bf6 $2 21. Rhd1 Qb7 22. Rxd6 $18) 21. Qa5+ Qb6 (21... Kb8 22. Ba6 Qa7 (
22... Qc7 23. Qb5+ Ka8 24. Ra3 $18) 23. Qb5+ Ka8 24. Qc6+ Kb8 25. Rhh3 $18) 22.
Rc3+ Kb7 23. Bc6+ (23. Ba6+ Qxa6 24. Rc7+ Kb8 25. Qxa6 Kxc7 26. Qa7+ Kc6 $11
27. Qxe7 $4 Rd7 $19) 23... Qxc6 24. Rxc6 Kxc6 25. Qa6+ Kd7 26. Qb5+ Kc7 27.
Qa5+ $11 {Am Ende kommt ein spektakuläres Remis raus. Es wäre vielleicht ein
Versuch wert gewesen, denn Schwarz muss einige einzige Züge im Verlauf der
Variante finden.}) 14... g6 15. g3 (15. Bxa7 Qa4 $1 {Zum Verlust führt 15...b6:
} (15... b6 16. c5 Kb7 17. c6+ $1 Qxc6 18. Ba6+ $18) 16. Be3 Qxa2 17. Bd3 (17.
Bxh6 Rh8 18. Be3 Bxh4 $15) 17... b6 $11) 15... Qa4 16. Kb1 c5 {Schwarz hat
leicht ausgeglichen.} 17. Bf6 (17. Be3 h5 $11) 17... Bxf6 18. Qxf6 h5 {Weiß
hat nichts anzugreifen - die einzige Schwäche im schwarzen Lager, der Bauer d6,
ist sehr leicht zu verteidigen, besonders weil der König an der Verteidigung
teilnehmen kann.} 19. Rg1 (19. Bh3 $2 Bxh3 (19... Qxc4 $2 20. b3 Qb5 21. Bxe6+
fxe6 22. Qxe6+ $14) 20. Rxh3 Qxc4 $17) (19. b3 Qc6 20. Bd3 d5 $11) (19. Bd3 d5
$1 $11 {klärt die Stellung sofort.}) 19... Rge8 (19... d5 $2 {Noch kann
Schwarz sich nicht befreien, aber das hat er auch nicht nötig, der Druck, den
Weiß ausübt, ist minimal.} 20. cxd5 Bxd5 21. Bh3+ Kb8 22. Qe5+ $18) 20. b3 Qb4
$6 {Das ist sicherlich nicht das beste Feld für die Dame, besonders weil
demnächst ...Qb6 folgt. Besser ist 20...Qd7.} (20... Qd7 21. Bg2 Qe7 22. Qc3
Qf8 $1 $11 {Die Dame kommt nach h8 und entweder erobert sie die lange
Diagonale oder sie wird abgetauscht, wonach keine Figuren zum Gewinnen mehr
bleiben.}) 21. Kb2 Qb6 22. Bd3 (22. Bg2 $2 Bxc4 $17) 22... d5 {Schwarz spielt
sehr direkt, und gerät doch unter gewissen Druck.} 23. cxd5 Rxd5 24. Be4 $1 (
24. Bc4 $6 Rxd1 25. Rxd1 (25. Bxe6+ $4 Rxe6 $19) 25... Bxc4 26. Qxb6 axb6 27.
bxc4 Re2 28. Rf1 Kc7 29. Kc3 $11) 24... Rdd8 (24... Rxd1 25. Rxd1 {führt zur
Partiestellung}) 25. Rge1 Rxd1 26. Rxd1 {Schwarz kam ein wenig in Bedrängnis,
denn alle weißen Figuren wurden auf einmal sehr aktiv.} c4 (26... Rd8 $4 27.
Bxb7+ Kxb7 28. Rxd8 $18) 27. Rd2 (27. Qe5 Qc7 28. Qb5 Re7 $13 {Schwarz hält
sich, aber man hat das Gefühl, dass Weiß doch am Drücker ist.}) 27... cxb3 28.
axb3 Kb8 29. Rd4 Qc7 {Die richtige Idee - Schwarz muss die Damen tauschen oder
zumindest die weiße Dame von ihrer aktiven Position vertreiben.} 30. Rb4 b6 31.
Rd4 (31. f4 {Um eventuell f5 zu spielen.} Qe7 32. Qe5+ Qc7 $11) 31... Rc8 (
31... Qe7 32. Qe5+ Qc7 33. Qg5 Rc8 (33... Qe7 34. Qb5 $14) 34. c4 $14) 32. c4
Re8 {Es drohte Bxg6.} 33. Bf3 a5 {Schwarz hat eine Art Festung aufgebaut.
Seine Figuren sind zwar passiv, doch hat Weiß keine Durchbruchsmöglichkeiten.}
34. Kc3 Ka7 35. Qf4 {Es bleibt nichst Besseres übrig, als das Glück im
Endspiel zu suchen.} Qxf4 36. gxf4 (36. Rxf4 Kb8 {Der schwarze König kommt
rechtzeitig ins Zentrum und verhindert die weiße Expansion.} 37. Kd4 Kc7 38.
Rf6 Kd6 39. Bd5 Ke7 $11) 36... Rc8 $1 (36... Kb8 $2 37. Rd6 Ka7 (37... Kc7 $4
38. Rc6+ $18) 38. Kd4 $16) 37. Bd5 (37. Rd6 b5 $1 38. Bc6 (38. Rc6 $4 Rxc6 39.
Bxc6 bxc4 40. bxc4 Kb6 $19) 38... bxc4 39. bxc4 Kb8 40. Bd5 Re8 $11) 37... Rc5
38. Bxe6 fxe6 39. Re4 Rf5 40. Kd3 (40. Rxe6 Rxf4 41. Rxg6 Rxh4 $11) 40... Kb7
41. Ke3 Rf6 42. Re5 Kc6 43. Ke4 Kd7 44. Rb5 Kc6 $11 {Das Endspiel ist remis.
Weiß hat keine reellen Chancen, die Schwächen von Schwarz auszunutzen, weil er
seinerseits eine schlechte Bauernstruktur am Königsflügel hat.} 45. Rg5 (45.
Ke5 $2 Rf5+ 46. Kxe6 Rxf4 (46... Rxb5 $2 47. cxb5+ Kxb5 48. Kf6 a4 (48... Kb4
49. Kxg6 Kxb3 50. f5 a4 51. f6 a3 52. f7 a2 53. f8=Q a1=Q 54. Kxh5 $16) 49.
bxa4+ Kxa4 50. Kxg6 b5 51. f5 b4 52. f6 b3 53. f7 b2 54. f8=Q b1=Q+ 55. Kxh5
$18) 47. Rg5 Rxh4 48. Rxg6 Rh3 49. f4 Rxb3 $19) 45... Kd6 46. Ke3 Kc6 47. Kf3
Kc7 48. Re5 Kd6 49. Rb5 Kc6 50. Rg5 Kc7 51. Ke3 Kc6 52. Ke4 Kd6 53. f3 Kd7 54.
Ke5 Ke7 55. Ke4 Kd6 56. Rb5 Kc6 57. Rg5 1/2-1/2

[Event "Candidates Tournament"]
[Site "Kazan"]
[Date "2011.05.14"]
[Round "2.3"]
[White "Grischuk, Alexander"]
[Black "Kramnik, Vladimir"]
[Result "1/2-1/2"]
[WhiteElo "2747"]
[BlackElo "2785"]
[Annotator "Kritz,L"]
[PlyCount "49"]
[EventDate "2011.05.05"]
[EventType "k.o."]
[EventRounds "3"]
[EventCountry "RUS"]
[SourceTitle "CBM 143"]
[Source "ChessBase"]
[SourceDate "2011.07.15"]
[SourceVersion "1"]
[SourceVersionDate "2011.07.15"]
[SourceQuality "1"]

1. e4 e5 2. Nf3 Nf6 3. Nxe5 (3. d4 Nxe4 (3... exd4 4. e5 Ne4 5. Qxd4 $14) 4.
Bd3 d5 5. dxe5 {mit kompliziertem Spiel.}) 3... d6 4. Nf3 Nxe4 5. d4 (5. Nc3
Nxc3 6. dxc3 Be7 7. Be3 Nc6 8. Qd2 Be6 $1 {Die Variante mit der langen Rochade
ist die sicherste aus Sicht von Schwarz.} 9. O-O-O Qd7 10. Ng5 Bxg5 11. Bxg5 f6
12. Be3 O-O-O $11 {Das weiße Läuferpaar hat keine große Bedeutung, weil die
Stellung relativ geschlossen ist.}) 5... d5 6. Bd3 Nc6 (6... Bd6 7. O-O O-O 8.
c4 c6 9. Re1 Bf5 10. c5 Bc7 11. Nc3 Nd7 $132 {Naiditsch-Kramnik (Dortmund 2009)
}) 7. O-O Be7 8. Nc3 ({Der Hauptzug ist:} 8. c4 Nb4 9. Be2 O-O 10. Nc3 Bf5 11.
a3 Nxc3 12. bxc3 Nc6 13. Re1 Re8 14. cxd5 Qxd5 15. Bf4 Rac8 $11 {Das ist die
Ausgangsstellung der Hauptvariante, die bis ins tiefe Endspiel analysiert
wurde und wo gezeigt wurde, dass Schwarz sich überall halten kann.}) 8... Nxc3
(8... Bf5 9. Re1 ({Wenig bringt} 9. Qe1 Bb4 10. Qe3 Bxc3 11. bxc3 O-O 12. Ng5
Re8 13. Nxe4 Bxe4 $11 {Karjakin - Bologan (Dortmund, 2004)}) 9... Nxc3 10. bxc3
Bxd3 11. Qxd3 O-O 12. Rb1 Na5 13. Qf5 $36 {und Weiß hatte doch eine kleine
Initiative in Cheparinov-Roiz (Kemer 2007).}) 9. bxc3 Bg4 10. Re1 (10. h3 Bh5
11. Rb1 Rb8 12. g4 $5 {Eine interessante Idee.} Bg6 13. Ne5 Bxd3 14. Nxd3 {
Die weiße Idee ist es, die Dame auf f3 zu stellen und Druck gegen den Bauern
d5 auszuüben. Danach kann er entweder mit Nf4, Rb5, oder Bf4 fortfahren.} (14.
cxd3 O-O {Weiß hat keinen konkreten Plan, um seine Stellung zu verstärken.} 15.
f4 f6 $11) 14... O-O 15. Qf3 Na5 $132 {Kamsky-Inarkiev (Jermuk 2009)}) 10...
O-O 11. Bf4 Bd6 {Der direkteste Weg zum Ausgleich - je mehr Figuren Schwarz
tauscht, desto einfacher ist sein Spiel.} (11... Bh5 12. Rb1 b6 {Eigentlich
bietet sich dieser Zug an. Die weißen Felder werden zwar geschwächt, dafür ist
der schwarze Turm nicht an die Verteidigung des Bauern gebunden.} 13. Qe2 (13.
Bb5 Na5 $11) 13... Bd6 14. Qe3 Re8 15. Ne5 Bxe5 16. dxe5 Qd7 17. Qg3 Qg4 $11 {
Li-Bu Xiangzhi (Tianjin 2011)}) (11... Qd7 {Ein seltener Zug.} 12. Rb1 Bd6 (
12... Rab8 $6 {Weiß konnte eine starke Initiative entwickeln:} 13. Re3 Rfe8 14.
Qe2 Bf8 15. Re1 Rxe3 16. Qxe3 Bf5 $2 17. Bxc7 $1 (17. Bxf5 Qxf5 18. Bxc7 Rc8
$11) 17... Qxc7 18. Bxf5 g6 19. Bd3 Na5 20. Qe5 $16 {Anand-Leko (Leon 2001)})
13. Bxd6 cxd6 $14 {Short-Howell (London 2009) Schwarz wurde zum Verdoppeln der
Bauern gezwungen und hat nun eine lange, passive Verteidigung vor sich.}) 12.
Bxd6 Bxf3 (12... Qxd6 $2 13. Bxh7+ Kxh7 14. Ng5+ $18) (12... cxd6 {Wenn
Schwarz zum Gegenspiel auf der c-Linie kommen würde, wäre dieses Nehmen gut
gewesen. Doch zu dem Gegenspiel kommt es nicht, daher ist der Partiezug besser.
} 13. Re3 Qd7 14. h3 Bh5 15. Qd2 Rae8 16. Nh4 Rxe3 17. Qxe3 Qe6 18. Nf5 $14 {
Topalov-Gelfand (Wijk aan Zee 2008)}) 13. Qxf3 (13. Bxc7 Bxd1 14. Bxd8 Bxc2 15.
Bxc2 Rfxd8 16. Bb3 Kf8 $11 {/\Na5}) 13... Qxd6 14. Re3 ({Keinen Vorteil bringt
ebenfalls} 14. Rab1 b6 {Weiß hat nicht genug Potenzial, um eine starke
Initiative zu entwickeln.} 15. Re3 (15. Rb5 Rad8 16. h4 Ne7 17. h5 Rfe8 18. Re5
h6 $11 {Leko-Gelfand (Nice 2008)}) 15... Rae8 16. Rbe1 Rxe3 17. Rxe3 g6 18. h4
Kg7 19. h5 Rd8 $11 {Vachier Lagrave-Motylev (Katernberg 2008)}) 14... Rae8 15.
Rae1 Re7 {Das Nehmen auf e3 ist gut genug.} (15... Rxe3 16. Rxe3 Nb8 $5 (16...
g6 17. h4 Nb8 18. h5 Nd7 19. g4 $14 {Leko-Kasimdzhanov (Nalchik 2009)}) 17. h4
Nd7 $11) 16. Rxe7 Nxe7 17. h4 {Der typische Plan - Weiß will seinen h-Bauern
aufrollen und den schwarzen König schwächen. Eigentlich bringt das nicht viel.}
Rd8 18. c4 {Es ist nicht viel los in der Stellung.} (18. Qe3 Ng6 19. h5 Nf4 20.
Qe8+ Qf8 21. Qe5 Qd6 $11) 18... b6 $1 {Richtig! Man durfte nicht auf c4 nehmen.
} (18... dxc4 $2 19. Bxc4 Rf8 20. Qxb7 Qxd4 21. Qxc7 $18) 19. c3 {Weiß
verteidigt den Bauern d4 aus prophylaktischen Gründen. Einen konkreten Plan
hat er nicht.} h6 $5 {Interessante Entscheidung. Typischerweise spielt man ...
g6, weil der Läufer das Feld h7 kontrolliert und der König nach ...h6 immer
noch kein Luftloch hat. Auf der anderen Seite hat Weiß überhaupt kein aktives
Spiel.} (19... g6 20. h5 $36) 20. cxd5 Nxd5 21. Bc4 (21. Qf5 g6 22. Qf3 h5 $11)
21... c6 {Die Stellung ist ausgeglichen, weder Schwarz noch Weiß kann hier
etwas machen.} 22. Re5 Nf6 23. Qf4 Qd7 24. g3 Kf8 25. Bb3 1/2-1/2

[Event "Poikovsky Karpov 10th"]
[Site "Poikovsky"]
[Date "2009.06.04"]
[Round "2"]
[White "Sutovsky, Emil"]
[Black "Inarkiev, Ernesto"]
[Result "1-0"]
[WhiteElo "2660"]
[BlackElo "2676"]
[Annotator "Kritz,L"]
[PlyCount "43"]
[EventDate "2009.06.03"]
[EventType "tourn"]
[EventRounds "9"]
[EventCountry "RUS"]
[EventCategory "18"]
[SourceTitle "CBM 131"]
[Source "ChessBase"]
[SourceDate "2009.07.15"]
[SourceVersion "1"]
[SourceVersionDate "2009.07.15"]
[SourceQuality "1"]

1. e4 e5 2. Nf3 Nf6 3. Nxe5 d6 4. Nf3 Nxe4 5. d4 {Es ist schön zu sehen, dass
man endlich wieder öfters angefangen hat, die alte Haupvariante zu spielen. In
letzter Zeit wurde 5.Nc3 sehr populär, wobei es offensichtlich ist, dass man
auf solche Art keinen Vorteil bekommen kann.} (5. Nc3 Nxc3 6. dxc3 Be7 7. Be3 (
7. Bf4 Nc6 8. Qd2 Be6 9. O-O-O Qd7 $11) 7... Nc6 8. Qd2 Be6 9. O-O-O Qd7 $11)
5... d5 6. Bd3 Nc6 7. O-O Be7 8. Re1 $5 {Das ist eine der Varianten, wo es
noch Luft für neue Erfindungen gibt. Die Hauptalternative ist 8.c4.} (8. c4 Nb4
9. Be2 O-O 10. Nc3 Bf5 11. a3 Nxc3 12. bxc3 Nc6 13. Re1 Re8 14. cxd5 (14. Bf4
Rc8) 14... Qxd5 15. Bf4 Rac8 $11 {In dieser Stellung wurden schon Hunderte
Partien gespielt, sie ist fast bis zum Ende ausanalysiert, und die Diagnose
lautet "Remis."}) 8... Bg4 9. c4 ({Zu interessantem Spiel führt die Variante} 
9. c3 f5 10. Qb3 O-O (10... Bxf3 $6 11. gxf3 Qd6 12. fxe4 fxe4 13. Bf1 O-O-O
14. Be3 Rhf8 15. Nd2 $18 {Schwarz hat keinen Angriff.}) 11. Nbd2 (11. Qxb7 $6 {
Es ist zu gefährlich, den Bauern zu nehmen. Die schwarze Initiative kostet
mehr als nur einen Bauern.} Rf6 12. Qb3 Rg6 $44 {Rohit - Nasri (Denizli, 2003)}
) 11... Na5 12. Qc2 Nc6 13. b4 a6 14. a4 Bd6 $132) 9... Nf6 ({Ein grober
Fehler ist} 9... Nxd4 $4 {denn nach} 10. Bxe4 $1 dxe4 11. Qxd4 exf3 (11... Bxf3
12. Qxd8+ Rxd8 13. gxf3 $18) 12. Qxg4 $18 {verliert Weiß die Figur.}) (9...
Bxf3 10. Qxf3 Nxd4 11. Qe3 Nf5 12. Qh3 Nfd6 13. cxd5 Nf6 14. Nc3 $16 {Rogovoi
- Fedorov (St. Petersburg, 2000)}) 10. Nc3 Nxd4 (10... Bxf3 {Lange Zeit galt
diese Variante als ausgleichbringend, doch zuletzt wurde Schwarz vor Probleme
gestellt.} 11. Qxf3 Nxd4 12. Qd1 Ne6 13. cxd5 Nxd5 14. Bb5+ c6 15. Nxd5 cxb5
16. Qb3 (16. Qh5 O-O 17. Nxe7+ Qxe7 18. Qxb5 a6 19. Qb3 Rac8 20. Be3 Rfd8 $11 {
Smirnov - Landa (Novokuznetsk, 2008)}) (16. Bf4 Nxf4 17. Rxe7+ Kf8 18. Re5 Qd6
19. Qd2 Qxe5 (19... Ng6 $2 20. Ree1 f6 21. Rad1 Kf7 22. Qe3 Rhe8 23. Ne7 $1 $18
{Naiditsch - Kramnik (Dortmund, 2008)}) 20. Qb4+ Ke8 21. Re1 Ne2+ 22. Kf1 Rc8
23. f4 Qxd5 24. Rxe2+ Kd7 25. Rd2 Rc5 $11) 16... O-O 17. Be3 Bc5 18. Rad1 Bxe3
19. Rxe3 Qa5 20. Qc2 Rfe8 21. f4 b4 22. f5 Nf8 23. Red3 $1 {Weiß hat sehr gute
Kompensation für den schwarzen Mehrbauern.} (23. Ne7+ Kh8 24. Qc4 Ne6 $1 25.
Nd5 Qc5 26. Qxb4 Qxb4 27. Nxb4 $11 {Radjabov - Gelfand (Bazna, 2009)}) 23...
Nd7 (23... Rac8 $2 24. Ne7+ Rxe7 25. Qxc8 $18) 24. Qc7 Qc5+ 25. Kf1 Qb5 26. Qg3
$1 $44 {Leko - Gelfand (Nalchik, 2009)}) 11. cxd5 ({Gutes Spiel hat Schwarz
nach} 11. Nxd5 Bxf3 12. gxf3 Nxd5 13. cxd5 Qxd5 14. Be4 Qc5 15. Bxb7 Rd8 16.
Be3 O-O $132) 11... Bxf3 12. gxf3 (12. Qa4+ c6 13. Qxd4 Bxd5 14. Nxd5 Qxd5 15.
Qb4 O-O 16. Bxh7+ $8 (16. Qxe7 $2 Rfe8 17. Bxh7+ Kxh7 18. Qb4 Rxe1+ 19. Qxe1
Re8 $36) (16. Rxe7 $2 Qxd3 17. Re1 Qa6 $19) 16... Kxh7 17. Rxe7 Rfe8 18. Be3
Rxe7 19. Qxe7 Rd8 20. h3 Rd7 $11 {Akopian - Gelfand (Nalchik, 2009)}) 12... c5
13. d6 $5 $146 {Das ist ein neuer Zug. Wahrscheinlich kann Weiß bei genauer
schwarzer Verteidigung keinen wahren Vorteil bekommen, aber als Neuerung ist
er sehr stark!} (13. dxc6 Nxc6 14. Bb5 O-O 15. Qxd8 Bxd8 16. Bxc6 bxc6 17. Be3
Bb6 18. Rad1 Rfd8 19. b4 Bxe3 20. fxe3 Kf8 21. Kf2 Ke7 22. e4 Rxd1 23. Rxd1 a5
24. b5 cxb5 25. Nxb5 Rc8 26. Ke3 g6 27. Rd3 Rc2 28. Ra3 Rxh2 29. Rxa5 h5 30.
Ra7+ Nd7 31. Nc3 h4 32. Nd5+ Kd6 33. Ra6+ Kc5 34. Ra7 Kd6 35. Ra6+ Kc5 36. Ra7
Ne5 37. Ra5+ Kd6 38. Ra6+ Kc5 39. Ra5+ Kd6 40. Ra6+ Kd7 41. Kf4 Nd3+ 42. Ke3
Ne5 43. Kf4 {1/2-1/2 Polgar,J (2671)-Karpov,A (2700)/Hoogeveen NED 1999}) 13...
Qxd6 14. Nb5 Qd7 (14... Nxb5 15. Bxb5+ Kf8 16. Qxd6 Bxd6 17. Be3 a6 18. Rad1
Be7 (18... axb5 19. Rxd6 $16) 19. Ba4 b5 20. Bc2 $44 {Der weiße
Entwicklungsvorsprung dient als gute Kompensation für den Bauern.}) 15. Nxd4
cxd4 (15... Qxd4 16. Qb3 Qb4 (16... b6 17. Bc4 $18) 17. Qxb4 cxb4 18. Bd2 O-O-O
19. Rac1+ Kb8 20. Rxe7 Rxd3 21. Bxb4 $16) 16. Qe2 Kf8 17. Bb5 Qd8 (17... Qd6 $2
18. Bf4 $1 {und Weiss kommt zu großem Vorteil nach} Qxf4 19. Qxe7+ Kg8 20. Bc4
Rf8 21. Qxb7 h5 22. Re7 Kh7 (22... Rh6 23. Rxf7 Rg6+ 24. Kf1 $18) 23. Qxa7 Qxf3
24. Qxd4 Rd8 25. Qh4 $16) (17... Qe6 18. Qxe6 fxe6 19. Rxe6 Kf7 (19... Rc8 20.
Ba4 $1 $14) 20. Bc4 Rhc8 21. Bb3 Kf8 22. Bf4 $14) 18. Qd3 h5 19. Bg5 Qd5 $2 {
Soweit hat sich Schwarz gut verteidigt. Jetzt macht er einen großen Fehler und
erlaubt Weiß seine Initiative zu entfalten.} (19... h4 $5 {Schwarz hätte
seinen Plan zu Ende führen müssen - der Turm h8 muss ins Spiel gebracht werden.
} 20. Re5 Qb6 21. Rae1 Bd6 22. Rf5 Rc8 $132 {Man sollte nicht vergessen, dass
der weiße König auch geschwächt ist - demnächst spielt Schwarz h3 und Weiß
wird immer wieder Schwierigkeiten mit der Grundreihe haben.}) 20. f4 $1 {
Weiß bekommt Zeit, um seine Figuren zu aktivieren, er will Re5-Rae1 spielen.}
Bd8 $4 {Ein zweizügiger Einsteller.} (20... a6 21. Re5 Qd6 22. Ba4 b5 23. Bb3
Rc8 24. Rd1 $14) 21. Qa3+ Kg8 22. Re5 {Die schwarze Dame wird in der Mitte des
Brettes gefangen - ein seltener Fall!} 1-0